Central Library OPAC University of Rajshahi

Judicial control of administrative action in India, Pakistan and Bangladesh : (Record no. 65965)

MARC details
000 -LEADER
fixed length control field 01002nam a2200277 a 4500
001 - CONTROL NUMBER
control field 65965
003 - CONTROL NUMBER IDENTIFIER
rucl marc code BD-RjUL
005 - DATE AND TIME OF LATEST TRANSACTION
control field 20211209081503.0
008 - FIXED-LENGTH DATA ELEMENTS--GENERAL INFORMATION
fixed length control field 170313s2001 ii b 001 0 eng d
020 ## - INTERNATIONAL STANDARD BOOK NUMBER
International Standard Book Number 8187162260
035 ## - SYSTEM CONTROL NUMBER
System control number (BD-RjUL)66095
040 ## - CATALOGING SOURCE
Original cataloging agency BD-RjUL
Language of cataloging eng
Transcribing agency BD-RjUL
041 ## - LANGUAGE CODE
Language code of text/sound track or separate title eng
082 ## - DEWEY DECIMAL CLASSIFICATION NUMBER
Edition number 23
Classification number 347.120954
Author mark and year FAJ 2001
100 1# - MAIN ENTRY--PERSONAL NAME
Personal name Fazal, M. A.
9 (RLIN) 195099
245 10 - TITLE STATEMENT
Title Judicial control of administrative action in India, Pakistan and Bangladesh :
Remainder of title a comparative study /
Statement of responsibility, etc. M. A.Fazal
250 ## - EDITION STATEMENT
Edition statement 3rd ed.
260 ## - PUBLICATION, DISTRIBUTION, ETC. (IMPRINT)
Place of publication, distribution, etc. New Delhi :
Name of publisher, distributor, etc. Butterworths India,
Date of publication, distribution, etc. c2000 [reprint2001]
300 ## - PHYSICAL DESCRIPTION
Pagination lxv, 751 p. ;
Size 23 cm.
500 ## - GENERAL NOTE
General note Previous ed.: Allahabad : Law Book Co., 1990.
504 ## - BIBLIOGRAPHY, ETC. NOTE
Bibliography, etc Includes bibliographical references and index.
650 #0 - SUBJECT ADDED ENTRY--TOPICAL TERM
Topical term or geographic name as entry element Judicial review of administrative acts
Geographic subdivision India.
9 (RLIN) 195100
Topical term or geographic name as entry element Judicial review of administrative acts
Geographic subdivision Pakistan.
9 (RLIN) 195101
Topical term or geographic name as entry element Judicial review of administrative acts
Geographic subdivision Bangladesh
9 (RLIN) 195102
942 ## - ADDED ENTRY ELEMENTS (KOHA)
Source of classification or shelving scheme Dewey Decimal Classification
Koha item type Audio Visual (AV) Materials
Holdings
Lost status Source of classification or shelving scheme Damaged status Not for loan Collection code Permanent Location Current Location Shelving location Date acquired Source of acquisition Cost, normal purchase price Total Checkouts Full call number Date last seen Copy number Koha item type
  Dewey Decimal Classification   Not For Loan Non-fiction Central Library, University of Rajshahi Central Library, University of Rajshahi Reading Room 24/07/2003 Angkur Prokashan, Dhaka 231.00   347.120954 FAJ 2001 13/03/2017 C-1 Audio Visual (AV) Materials